Country Per Letter: Africa Quiz Stats

 Plays Quiz Updated Sep 20, 2019

Score 0/54 Timer 02:00
8 Plays Today
Letter Country % Correct
EEgypt
97%
EEquatorial Guinea
97%
EEritrea
97%
EeSwatini
97%
EEthiopia
97%
SSenegal
96.2%
SSeychelles
96.2%
SSierra Leone
96.2%
SSomalia
96.2%
SSouth Africa
96.2%
SSouth Sudan
96.2%
SSudan
96.2%
SSão Tomé and Príncipe
96.2%
MMadagascar
95.4%
MMalawi
95.4%
MMali
95.4%
MMauritania
95.4%
MMauritius
95.4%
MMorocco
95.4%
MMozambique
95.4%
GGabon
94.5%
GGhana
94.5%
GGuinea
94.5%
GGuinea-Bissau
94.5%
GGambia, The
94.5%
NNamibia
93.9%
NNiger
93.9%
Letter Country % Correct
NNigeria
93.9%
CCameroon
93.8%
CCabo verde
93.8%
CCentral African Republic
93.8%
CChad
93.8%
CComoros
93.8%
CCôte d'Ivoire
93.8%
AAlgeria
93.7%
AAngola
93.7%
ZZambia
92.5%
ZZimbabwe
92.5%
LLesotho
89.6%
LLiberia
89.6%
LLibya
89.6%
BBenin
89.5%
BBotswana
89.5%
BBurkina Faso
89.5%
BBurundi
89.5%
RRepublic of the Congo
89%
RRwanda
89%
TTanzania
88.4%
TTogo
88.4%
TTunisia
88.4%
UUganda
86.7%
DDemocratic Republic of the Congo
86.7%
DDjibouti
86.7%
KKenya
81.5%

You're not logged in!

Compare scores with friends on all Sporcle quizzes.
OR
Log In

Sporcle TV

Today on Sporcle TV


Watch our educational content, quiz creation guides, and fun videos on Sporcle TV.

Show Comments

Extras

Top Quizzes Today


Score Distribution

Your Account Isn't Verified!

In order to create a playlist on Sporcle, you need to verify the email address you used during registration. Go to your Sporcle Settings to finish the process.

Report this User

Report this user for behavior that violates our Community Guidelines.

Details: